Представление документа в формате MARC21

ПолеНазваниеЗначение
  Тип записи a
  Библиографический уровень m
001 Контрольный номер RU\infra-m\znanium\bibl\2235297
005 Дата корректировки 20260429142210.9
008 Кодируемые данные 260120s2025 RU g rus u
020 Индекс ISBN __
a ISBN 978-5-9614-1072-3
040 Источник каталогиз. __
a Служба первич. каталог. Общество с ограниченной ответственностью «ЗНАНИУМ»
041 Код языка издания __
a Код языка текста rus
044 Код страны публикации __
a Код страны публикации RU
080 Индекс УДК __
a Индекс УДК 004
080 Индекс УДК __
a Индекс УДК 681
084 Индекс другой классификации/Индекс ББК __
2 Источник индекса rubbk
a Индекс другой классификации/Индекс ББК 3297
100 Автор __
a Автор Хэднеги К.
q Полное имя Хэднеги Кристофер
245 Заглавие __
a Заглавие Искусство обмана: Социальная инженерия в мошеннических схемах
b Продолж. заглавия Практическое пособие
250 Сведения об издании __
a Основные сведения об издании 1
260 Выходные данные __
a Место издания Москва
b Издательство ООО "Альпина Паблишер"
c Дата издания 2026
300 Физическое описание __
a Объем 432 с.
520 Аннотация __
a Аннотация Бывало ли так что вам звонил человек представляющийся сотрудником банка? Или приходило письмо со ссылкой на которую вы к счастью не перешли? Технологии при помощи которых злоумышленники пытаются получить доступ к вашим паролям или данным основаны на социальной инженерии — науке об изощренном и агрессивном манипулировании поведением людей. В ее активе целый арсенал инструментов манипуляции: давление на жалость умение запудрить мозги или вывести из себя проявить несвойственную жадность и поставить в неловкое положение вызвать чувство вины или стыда и многое другое. Становясь жертвами подобного обмана мы не только подвергаемся риску сами но и можем сильно подвести своих коллег и близких. Кристофер Хэднеги всемирно известный специалист по социальной инженерии научит вас распознавать манипуляции всех типов и противодействовать мошенникам всех мастей. Больше никто не сможет заставить вас сделать то что вы делать не планировали — расстаться с деньгами выдать важную информацию совершить опасные действия. Все примеры которые приводит Хэднеги взяты из его личной и профессиональной практики.
521 Примеч. о цел. назн. __
a Примеч. о целев. назн. Дополнительное профессиональное образование
650 Тематические рубрики __
a Основная рубрика Информатика. Вычислительная техника
x Основная подрубрика Защита информации. Компьютерная безопасность
655 Указ. предметных рубрик (устаревшее) __
a Жанр/ форма (устаревшее) Практическое пособие
856 Электронный адрес документа 4_
a Имя сервера/домена znanium.ru
m Помощь ebs_support@infra-m.ru
n Местонахождение сервера НИЦ ИНФРА-М
u URL https://znanium.ru/catalog/document?id=473566
856 Электронный адрес документа 48
a Имя сервера/домена znanium.ru
d Путь /cover/2235
f Электронное имя 2235297.jpg
q Тип электронного формата image/jpeg
u URL https://znanium.ru/cover/2235/2235297.jpg
911 __
u 0030=https://znanium.ru/catalog/document?id=473566